| 000 | 00983nam a22001817a 4500 | ||
|---|---|---|---|
| 003 | OSt | ||
| 005 | 20260120082417.0 | ||
| 008 | 260120b |||||||| |||| 00| 0 eng d | ||
| 040 |
_aDWCL GS library _cOC |
||
| 082 | _aFic.A127c 1967 | ||
| 100 | _aAlexander, Lloyd | ||
| 245 | _ataran wanderer | ||
| 260 |
_aNew york _bBantam Doubleday Dell Publishing Group, Inc. _cc1967 |
||
| 300 |
_a272 _c20cm |
||
| 520 | _aTaran has been both assistant Pig-keeper and warrior but his heart is troubled. Who are his parents? where does he come from? In a quest to learn who truly is, Taran travels Prydain seeking secrets long buried by time and silence. Accompanied by his loyal friends, Taran begins his search. Maybe, if his parents are as noble as he hopes, Princess Eilonwy with the red-gold hair will think as often and as fondly of Taran as he finds himself thinking of her. | ||
| 700 | _aLloyd Alexander | ||
| 942 |
_2ddc _cFIC. _hFic. A127c 1967 _n0 |
||
| 999 |
_c7596 _d7596 |
||